000 00645cam a22002173a 4500
001 38781
003 PGUSA
005 20140828083844.0
008 120206s2012||||xxu|||||s|||||000 | eng d
040 _aPGUSA
_beng
042 _adc
100 1 _aAksakov, S. T.
_q(Sergei Timofeevich),
_d1791-1859
245 1 2 _aA Russian Gentleman
_h[electronic resource] /
_cS. T. Aksakov
260 _bProject Gutenberg,
_c2012
506 _aPublic domain in the USA.
516 _aElectronic text
700 1 _aDuff, J. D.
_q(James Duff),
_d1860-1940
830 0 _aProject Gutenberg
_v38781
856 4 0 _uhttp://www.gutenberg.org/ebooks/38781
942 _cEB
999 _c268035
_d268035